000 01807nam0a22003491 4500
001 rc\2326770
005 20110829144855.0
035 _a(NLR Aleph) 006505694
090 _a6277534
_c6277534
100 _a20110829d1977 |||y0rusy50 ca
101 0 _arus
102 _aRU
105 _ay z |||||
200 1 _aОпыт эксплуатации автосамосвалов БелАЗ на горнорудных предприятиях
_f[А.Н. Казарез, В.Ф. Ванчукевич, В.Д. Штейн, В.С. Апанасенко]
_gЦентр. науч.-исслед. ин-т информации и техн.-экон. исследований цв. металлургии
210 _aМосква
_cЦветметинформация
_d1977
215 _a58 с.
_cграф.
_d20
225 1 _aОбзорная информация
_iСерия "Общеинженерные вопросы"
320 _aСписок лит.: с. 57 (7 назв.)
606 _aАвтомобили-самосвалы
_jОбзоры литературы информационные
_xЭксплуатация
_2rkp
606 _aАвтотранспорт карьерный
_jОбзоры литературы информационные
_2rkp
701 1 _aВанчукевич
_bВ. Ф.
701 1 _aШтейн
_bВ. Д.
701 1 _aКазарез
_bА. Н.
_gАлексей Николаевич
701 1 _aАпанасенко
_bВ. С.
712 0 2 _aЦентральный НИИ информ. и техн.-экон. исслед. цв. металлургии
_cМосква
_3RU\NLR\AUTH\8810026380
801 0 _aRU
_bNLR
_gpsbo
801 1 _aRU
_bELAR
_2rusmarc
852 _aNLR
_j77-4/11741
899 _aRuMoRGB
_jМ 77-11/1861
899 _aRuMoRGB
_jМ 77-11/1862
942 _cBOOK
980 _aNB